| Tag |
First Indicator |
Second Indicator |
Subfields |
| LEADER |
00000cam a2200000Ia 4500 |
| 001 |
in00002785597 |
| 006 |
m o d |
| 007 |
cr cn||||||||| |
| 008 |
120202s2012 pau ob 001 0 eng d |
| 005 |
20250816205727.1 |
| 010 |
|
|
|z 2012004590
|
| 020 |
|
|
|z 9781615208319 (hbk.)
|
| 020 |
|
|
|z 9781615208326 (ebook)
|
| 035 |
|
|
|a (CaPaEBR)ebr10618033
|
| 040 |
|
|
|a CaPaEBR
|c CaPaEBR
|d UtOrBLW
|
| 050 |
1 |
4 |
|a HV6773.15.C97
|b L39 2012eb
|
| 082 |
0 |
4 |
|a 363.325
|2 23
|
| 100 |
1 |
|
|a Reich, Pauline C.
|
| 245 |
1 |
0 |
|a Law, policy, and technology :
|b cyberterrorism, information warfare, and Internet immobilization /
|c Pauline C. Reich and Eduardo Gelbstein.
|
| 264 |
|
1 |
|a Hershey, PA :
|b Information Science Reference,
|c [2012]
|
| 264 |
|
4 |
|c ©2012
|
| 300 |
|
|
|a 1 online resource (xv, 496 pages)
|
| 336 |
|
|
|a text
|b txt
|2 rdacontent
|
| 337 |
|
|
|a computer
|b c
|2 rdamedia
|
| 338 |
|
|
|a online resource
|b cr
|2 rdacarrier
|
| 504 |
|
|
|a Includes bibliographical references and index.
|
| 500 |
|
|
|a Electronic resource.
|
| 650 |
|
0 |
|a Computer crimes.
|
| 650 |
|
0 |
|a Computer security.
|
| 650 |
|
0 |
|a Cyberspace.
|
| 650 |
|
0 |
|a Cyberterrorism.
|
| 650 |
|
0 |
|a Data protection.
|
| 655 |
|
7 |
|a Electronic books.
|2 local
|
| 700 |
1 |
|
|a Gelbstein, Eduardo.
|
| 710 |
2 |
|
|a ebrary, Inc.
|
| 856 |
4 |
0 |
|u https://ebookcentral.proquest.com/lib/tamucs/detail.action?docID=3312289
|y Connect to the full text of this electronic book
|t 0
|
| 980 |
|
|
|a 121127
|b 180
|c USD
|e 270
|f YBP_EBR0000047632
|g 1
|
| 999 |
f |
f |
|s fd8fbd1e-57fb-33dd-9328-b7a68d438c64
|i 79a5c61a-28ed-3b4c-b6e8-f72aed753c09
|t 0
|
| 999 |
|
|
|a MARS
|
| 952 |
f |
f |
|a Texas A&M University
|b College Station
|c Electronic Resources
|d Available Online
|t 0
|e HV6773.15.C97 L39 2012eb
|h Library of Congress classification
|
| 998 |
f |
f |
|a HV6773.15.C97 L39 2012eb
|t 0
|l Available Online
|